<?xml version="1.0" encoding="UTF-8"?>
<record
    xmlns:xsi="http://www.w3.org/2001/XMLSchema-instance"
    xsi:schemaLocation="http://www.loc.gov/MARC21/slim http://www.loc.gov/standards/marcxml/schema/MARC21slim.xsd"
    xmlns="http://www.loc.gov/MARC21/slim">

  <leader>02369nam a2200301 a 4500</leader>
  <controlfield tag="001">000008689</controlfield>
  <controlfield tag="003">OCoLC</controlfield>
  <controlfield tag="005">20200929161402.0</controlfield>
  <controlfield tag="008">090907s1967    it cg   r     001 0 spa d</controlfield>
  <datafield tag="040" ind1=" " ind2=" ">
    <subfield code="a">DO-SdBNP</subfield>
    <subfield code="b">spa</subfield>
    <subfield code="c">BNPHU</subfield>
  </datafield>
  <datafield tag="082" ind1=" " ind2=" ">
    <subfield code="a">232.91</subfield>
    <subfield code="b">C749m</subfield>
  </datafield>
  <datafield tag="111" ind1="2" ind2=" ">
    <subfield code="a">Congressus Mariologici - Mariani (</subfield>
    <subfield code="d">1965 :</subfield>
    <subfield code="c">Santo Domingo, Rep&#xFA;blica Dominicana)</subfield>
    <subfield code="9">23133</subfield>
  </datafield>
  <datafield tag="245" ind1="1" ind2="0">
    <subfield code="a">Mar&#xED;a in sacra scriptura :</subfield>
    <subfield code="b">acta congressus Mariologici - Mariani in Rep&#xFA;blica Dominicana anno 1965 celebrati.</subfield>
    <subfield code="p">memoria del congreso Mariol&#xF3;gico - Mariano Internacional de Santo Domingo ( 17 - 25 marzo 1965) /</subfield>
    <subfield code="c">praefatio P. Carolus Bali&#xE2;c.</subfield>
  </datafield>
  <datafield tag="260" ind1=" " ind2=" ">
    <subfield code="a">Romae :</subfield>
    <subfield code="b">Pontificia Academia Mariana Internationalis,</subfield>
    <subfield code="c">1967.</subfield>
  </datafield>
  <datafield tag="300" ind1=" " ind2=" ">
    <subfield code="a">v. :</subfield>
    <subfield code="b">retrs. ;</subfield>
    <subfield code="c">24 cm.</subfield>
  </datafield>
  <datafield tag="505" ind1="2" ind2=" ">
    <subfield code="a">Prefatio -- Contenido del presente volumen -- Los Congresos Marianos y Mariol&#xF3;gicos internacionales -- El consejo central permanente de los congresos Marianos y Mariol&#xF3;gicos internacionales -- Junta de honor del XI congreso Marianos y Mariol&#xF3;gicos internacionales de Santo Domingo -- Primera parte. Cr&#xF3;nica de los congresos -- Preparaci&#xF3;n de los congresos -- Celebraci&#xF3;n de los congresos -- Segunda parte. Documentos pont&#xED;ficios, episcopales, de la Pon&#xE2;t&#xED;ficia Academia Mariana Internacional y otros documentos -- Documentos pont&#xED;ficios -- Documentos episcopales -- Documentos de la pont&#xED;ficia Academia Mariana Internacional -- Otros documentos -- Tercera parte. Ponencias presentadas en el congreso Mariano -- &#xCD;ndices -- &#xCD;ndice onom&#xE1;stico -- &#xCD;ndice sistem&#xE1;tico.</subfield>
  </datafield>
  <datafield tag="500" ind1=" " ind2=" ">
    <subfield code="a">Texto en espa&#xF1;ol y prefacio en lat&#xED;n.</subfield>
  </datafield>
  <datafield tag="500" ind1=" " ind2=" ">
    <subfield code="a">La biblioteca posee el volumen 1. Memoria del congreso Mariol&#xF3;gico - Mariano internacional de Santo Domingo (17 - 25 marzo 1965)</subfield>
  </datafield>
  <datafield tag="504" ind1=" " ind2=" ">
    <subfield code="a">Incluye referencias bibliogr&#xE1;ficas y notas al pie de las p&#xE1;ginas.</subfield>
  </datafield>
  <datafield tag="590" ind1=" " ind2=" ">
    <subfield code="a">Inventariado, 2019/BT</subfield>
  </datafield>
  <datafield tag="600" ind1="1" ind2="4">
    <subfield code="a">VIRGEN MAR&#xCD;A</subfield>
    <subfield code="x">CONGRESOS, CONFERENCIAS, ETC.</subfield>
    <subfield code="9">23134</subfield>
  </datafield>
  <datafield tag="650" ind1=" " ind2="4">
    <subfield code="a">Biblia</subfield>
    <subfield code="x">Cr&#xED;tica e interpretaci&#xF3;n.</subfield>
    <subfield code="x">Congresos, conferencias, etc.</subfield>
    <subfield code="9">23135</subfield>
  </datafield>
  <datafield tag="610" ind1="2" ind2="4">
    <subfield code="a">ACADEMIA MARIANA INTERNACIONAL</subfield>
    <subfield code="x">DOCUMENTOS PONT&#xCD;FICIOS</subfield>
    <subfield code="9">23136</subfield>
  </datafield>
  <datafield tag="700" ind1="1" ind2="2">
    <subfield code="a">Bali&#xE2;c, P. Carolus</subfield>
    <subfield code="9">23137</subfield>
  </datafield>
  <datafield tag="710" ind1="1" ind2=" ">
    <subfield code="a">Pontificia Adacemia Mariana Internationalis (Roma, Italia)</subfield>
    <subfield code="9">23138</subfield>
  </datafield>
  <datafield tag="740" ind1="0" ind2=" ">
    <subfield code="a">Memoria del Congreso Mariol&#xF3;gico - Mariano Internacional de Santo Domingo (17-25 marzo 1965).</subfield>
  </datafield>
  <datafield tag="910" ind1=" " ind2=" ">
    <subfield code="a">Validado. Control de calidad. MMOLINA</subfield>
  </datafield>
  <datafield tag="952" ind1=" " ind2=" ">
    <subfield code="0">0</subfield>
    <subfield code="1">0</subfield>
    <subfield code="5">0</subfield>
    <subfield code="7">1</subfield>
    <subfield code="8">MO</subfield>
    <subfield code="a">GR</subfield>
    <subfield code="b">GR</subfield>
    <subfield code="c">HD</subfield>
    <subfield code="d">2009-09-18</subfield>
    <subfield code="i">LF1</subfield>
    <subfield code="l">0</subfield>
    <subfield code="o">232.91 P816m | v.1</subfield>
    <subfield code="p">8689-10</subfield>
    <subfield code="r">2020-06-25</subfield>
    <subfield code="w">2020-06-25</subfield>
    <subfield code="y">1</subfield>
    <subfield code="Z">No se presta</subfield>
  </datafield>
  <datafield tag="999" ind1=" " ind2=" ">
    <subfield code="c">8459</subfield>
    <subfield code="d">8459</subfield>
  </datafield>
</record>
